000 00439nam a22001577a 4500
003 BD-DhUIB
005 20251013154923.0
008 251013b |||||||| |||| 00| 0 eng d
040 _aBD-DhUIB
_cBD-DhUIB
050 _a658.4092
082 _222
100 _aDotlich, D.
_9997
245 _aLeadership passages:
_bthe personal and professikonal transitions that make or break a leader/
_cby D. Dotlich.
526 _aBBA.
942 _2ddc
_cBK
999 _c540
_d540